A történettudomány módszertana.

Elmentve itt :
Bibliográfiai részletek
Szerző: Dékány István
Adatforrás:Philobibl
Dokumentumtípus: Könyv
Nyelv:magyar
Megjelent: Bp. Magyar Tört. Társaság. 1925
Sorozat:A Magyar Történeti Társaság Tud. Kézikönyve I.2.
LEADER 00458nam a2200133 c 4500
001 bibDOK00028036
005 20200924122303.3
008 060518s1925 hu hun
100 1 |a Dékány István 
245 1 2 |a A történettudomány módszertana.  |c Dékány István 
260 |a Bp.  |b Magyar Tört. Társaság.  |c 1925 
300 |a 74 p. p. 
490 1 |a A Magyar Történeti Társaság Tud. Kézikönyve I.2. 
830 2 |a A Magyar Történeti Társaság Tud. Kézikönyve I.2.